00527nam a2200133 i 4500001000700000003000700007005001700014008004100031100002400072245015200096260003300248300002200281852009000303165906SpMaBN20230906213228.0180806s1935 sp |||| | spa d1 aSchnitzler, Arthur.13aLa última aventura del caballero Casanova b: (Casanovas Heimhahrt) / cArthur Schnitzler ; traducción directa del alemán por Susana Palanca. aBarcelona : bApolo, c1935. a172 p. ; c20 cm. aES-MaACLjL-32206 z. - Donat. herederos de la bibl. de Mª del Pilar Costa Palacín